000
00316nam a2200145Ia 4500
100
_a
Drozdek/Adam
942
_c
BK
654
_a
data compression
245
_a
Elements of Data compression
260
_b
Thomsan Learning/Vikas
_c
2002
082
_a
5.746
_b
DRO
300
_a
221
546
_a
ENGLISH
999
_c
20144
_d
20144